[Event "Titled Tuesday intern op 26th Sep Early"]
[Site "Chess.com INT"]
[Date "2023.09.26"]
[Round "1"]
[White "Devaev, Alexander"]
[Black "Bacrot, Etienne"]
[Result "1-0"]
[WhiteElo "2325"]
[BlackElo "2660"]
[PlyCount "75"]
[EventDate "2023.09.26"]
[EventType "swiss (blitz)"]
[EventRounds "11"]
[EventCountry "USA"]
[SourceTitle "EXT 2024"]
[Source "ChessBase"]
[SourceDate "2023.10.10"]
[SourceVersion "1"]
[SourceVersionDate "2023.10.10"]
[SourceQuality "1"]

1. d4 d5 2. Nf3 Nf6 3. c4 c6 4. Nc3 e6 5. cxd5 exd5 6. Bf4 Bd6 7. Bg3 0-0 8. Qc2 Na6 9. a3 Ne4 10. e3 Bf5 11. Bd3 Re8 12. Nh4 Bxg3 13. hxg3 Nxg3 14. Nxf5 Nxh1 15. 0-0-0 Nxf2 16. Qxf2 Qg5 17. Rh1 Re6 18. Rh3 Rg6 19. Rg3 Qf6 20. Rf3 Qe6 21. Ng3 Rh6 22. Nf5 Rh1+ 23. Kc2 Re8 24. g4 g6 25. Qg2 Re1 26. Nh6+ Kg7 27. Rxf7+ Kh8 28. Nd1 Rxe3 29. Nxe3 Qxe3 30. Qf2 Qxf2+ 31. Rxf2 Kg7 32. g5 Nc7 33. Rf7+ Kh8 34. Rxc7 Rb8 35. Nf7+ Kg8 36. Ne5 a5 37. b4 axb4 38. axb4 1-0

[Event "Titled Tuesday intern op 26th Sep Early"]
[Site "Chess.com INT"]
[Date "2023.09.26"]
[Round "4"]
[White "Devaev, Alexander"]
[Black "Manon Og, Ramon Jr"]
[Result "1-0"]
[WhiteElo "2325"]
[BlackElo "1966"]
[PlyCount "81"]
[EventDate "2023.09.26"]
[EventType "swiss (blitz)"]
[EventRounds "11"]
[EventCountry "USA"]
[SourceTitle "EXT 2024"]
[Source "ChessBase"]
[SourceDate "2023.10.10"]
[SourceVersion "1"]
[SourceVersionDate "2023.10.10"]
[SourceQuality "1"]

1. d4 Nf6 2. c4 g6 3. Nc3 d5 4. Nf3 Bg7 5. Bg5 Ne4 6. cxd5 Nxg5 7. Nxg5 e6 8. Nf3 exd5 9. e3 0-0 10. b4 c6 11. Be2 Qe7 12. Qb3 a6 13. 0-0 Qd7 14. a4 Qe7 15. b5 axb5 16. axb5 Rxa1 17. Rxa1 Nd7 18. bxc6 bxc6 19. Ra7 Qd6 20. Na4 c5 21. Qa3 Qb8 22. Nxc5 Nxc5 23. dxc5 Bf5 24. Nd4 Qb1+ 25. Bf1 Bxd4 26. exd4 Re8 27. Ra8 Rxa8 28. Qxa8+ Kg7 29. Qa3 Qd1 30. Qe3 f6 31. f3 g5 32. g4 Bc2 33. Kg2 Kg6 34. Be2 Qa1 35. c6 Qa5 36. Qe8+ Kh6 37. Qf8+ Kg6 38. Qe8+ Kh6 39. Qf7 Qd2 40. Qxf6+ Bg6 41. Qf8# 1-0

[Event "Titled Tuesday intern op 26th Sep Early"]
[Site "Chess.com INT"]
[Date "2023.09.26"]
[Round "10"]
[White "Haug, Havard"]
[Black "Devaev, Alexander"]
[Result "0-1"]
[WhiteElo "2199"]
[BlackElo "2325"]
[PlyCount "148"]
[EventDate "2023.09.26"]
[EventType "swiss (blitz)"]
[EventRounds "11"]
[EventCountry "USA"]
[SourceTitle "EXT 2024"]
[Source "ChessBase"]
[SourceDate "2023.10.10"]
[SourceVersion "1"]
[SourceVersionDate "2023.10.10"]
[SourceQuality "1"]

1. e4 c6 2. d4 d5 3. Nc3 dxe4 4. Nxe4 Bf5 5. Ng3 Bg6 6. Nh3 e6 7. Nf4 Bd6 8. h4 Bxf4 9. Bxf4 h6 10. c3 Nf6 11. Be5 Nbd7 12. Be2 0-0 13. f4 Nd5 14. c4 Ne3 15. Qd2 Nc2+ 16. Kf2 Nxa1 17. Rxa1 Nxe5 18. fxe5 Qxh4 19. Rh1 Qg5 20. Qxg5 hxg5 21. Bg4 Rfd8 22. Ke3 Rd7 23. c5 b6 24. b4 a5 25. Bf3 axb4 26. Bxc6 Ra3+ 27. Kf2 Rxa2+ 28. Ne2 Rxd4 29. cxb6 Rd8 30. Ke3 Ra3+ 31. Kf2 Rb8 32. b7 Ra6 33. Bf3 Rb6 34. Rd1 b3 35. Nc3 R6xb7 36. Bxb7 Rxb7 37. Nb1 Bxb1 38. Rxb1 b2 39. Ke3 Kh7 40. Kd4 Kg6 41. Ke4 Rb4+ 42. Kd3 Kf5 43. Kc3 Rb5 44. Kc2 Kxe5 45. Re1+ Kf4 46. Kb1 Rb6 47. Rf1+ Kg3 48. Rxf7 Kxg2 49. Rxg7 Rb5 50. Rg6 Kg3 51. Rxe6 g4 52. Re3+ Kf2 53. Re8 g3 54. Rf8+ Kg2 55. Rg8 Kf2 56. Rf8+ Kg1 57. Rg8 g2 58. Rg7 Rb3 59. Rg6 Kf2 60. Rf6+ Rf3 61. Rg6 Rg3 62. Rf6+ Ke3 63. Kxb2 g1Q 64. Rc6 Qf2+ 65. Rc2 Qf6+ 66. Kb1 Rg1+ 67. Ka2 Ra1+ 68. Kb3 Qb6+ 69. Kc4 Ra4+ 70. Kd5 Rd4+ 71. Ke5 Qd6+ 72. Kf5 Rf4+ 73. Kg5 Qf6+ 74. Kh5 Rh4# 0-1